00593nam a2200169Ia 4500008004000000020001800040082001600058100000600074245007400080260005300154300000800207650000900215690000900224906001100233999001900244952016000263210210b2001 xxu||||| |||| 00| 0 eng d a81 87599 07 3 a793.73 INTI a- aINTIMATE QUIZ WORLD: Sydney 2000 with all about sydney olympics 2000. aTiruvananthapuram.bComputech Publishers.,c2001 a576 aquiz aQuiz a056769 c104054d104054 001040708Games & SportsaALbALcGames & Sportsd2021-02-17eBook World, Mangalore.g340.00l0o793.73 INTIp056769r2021-02-17 00:00:00w2021-02-17yBK